000 01032nam a2200289 i 4500
001 000027441
003 DO-SdBNP
005 20250218123938.0
007 ta
008 110331s1985 dr bc 000 0 spa d
040 _aDO-SdBNP
_bspa
_cBNPHU
_erda
082 4 _a927.826
_bD159L
_222
100 1 _aLópez Reyes, Oscar,
_eautor
_4aut.
_9750
245 1 0 _aCasandra Damirón :
_bvida y canto /
_cOscar López Reyes.
264 4 _aSanto Domingo :
_bEditora Universitaria-UASD,
_c1985.
300 _a146 páginas :
_bilustraciones, fotos, retratos ;
_c21 cm.
336 _atexto
_btxt
_2rdacontent
337 _asin mediación
_bn
_2rdamedia
338 _avolumen
_bnc
_2rdacarrier
490 0 _aPublicaciones de la Universidad Autónoma de Santo Domingo
_v436
590 _aInventariado, 2023/MFF
650 4 _aCantantes dominicanos
_vBiografias
_983430
650 4 _aArtistas dominicanos
_vBiografías
_983437
651 4 _aRepública Dominicana
_vBiografías
_91083
910 _aValidado. Control de calidad MFF
942 _2ddc
_cLBS1
999 _c26933
_d26933